000 00422nam a22001817a 4500
003 MPLRDC
005 20220104114041.0
008 210129b ||||| |||| 00| 0 eng d
082 _a841 QY-6
100 _a嘉元编著
245 _a屈原
_c
250 _a初版
260 _a
_b商务印书馆
_c1978
300 _b
490 _a中学生文库
650 _a中国文学别集--屈原
942 _cBK
_o841 QY-6
999 _c4415
_d4405